| 000 | 00639nam a2200181 a 4500 | ||
|---|---|---|---|
| 001 | 000020586 | ||
| 005 | 20200930011129.0 | ||
| 008 | 100810s2017 dr ac 000 0 eng d | ||
| 040 |
_aDO-SdBNP _bspa _cBNPHU |
||
| 082 |
_axxxx _bP438s |
||
| 100 | 1 |
_aPérez, Faustino _91945 |
|
| 245 | 1 | 0 |
_aSanto Domingo ciudad de contrastes / _cFaustino Pérez ; diagramación Alexandra Deschamps. |
| 246 | 1 | 0 |
_aSanto Domingo ciudad de contrastes : _b2010-2016 |
| 260 |
_aSanto Domingo : _bEdiciones Faustino Pérez, _c2017. |
||
| 300 |
_a312 p. : _bil., retrs. ; _c25 cm. |
||
| 590 | _aInventariado, 2020 /LP | ||
| 700 | 1 |
_aDeschamps, Alexandra, _ediag. _91503 |
|
| 999 |
_c20090 _d20090 |
||